[Event "FIDE Chesscom Grand Swiss 2021"]
[Site "Riga"]
[Date "2021.11.06"]
[Round "10.46"]
[White "Dreev, Aleksey"]
[Black "Ganguly, Surya Shekhar"]
[Result "0-1"]
[WhiteElo "2635"]
[BlackElo "2617"]
[Annotator "TA"]
[PlyCount "118"]
[EventDate "2021.10.27"]
[EventType "swiss"]
[EventCountry "LAT"]
[Tiebreak "Cut1 Buchholz+Sonneborn-Berger (Swiss)"]
[SourceTitle "playchess.com"]
[Source "ChessBase"]
[SourceQuality "1"]

{[%evp 19,118,0,0,-10,-3,-8,0,-6,-9,-14,-10,0,14,14,14,14,14,14,14,7,15,15,15,
15,23,18,17,-4,-5,-11,-11,-11,-11,-11,-11,-12,-12,-12,-12,-15,-14,-58,-59,-64,
0,0,0,-12,0,-42,-32,-32,-31,-98,-99,-103,-98,-102,0,-107,-109,-170,-165,-153,
-141,-1002,-1007,-1008,-977,-972,-950,-987,-985,-911,-907,-889,-852,-818,-814,
-1012,-997,-1285,-922,-1220,-242,-1028,-479,-419,0,-1237,-1229,-892,-802,-1901,
-1904,-1965,-1772,-1689,-1046,-992,-910]} 1. d4 Nf6 2. Nf3 d5 3. c4 e6 4. e3 b6
5. Nc3 Bd6 6. b3 Bb7 7. Bb2 Nbd7 8. Bd3 O-O 9. O-O a6 10. Rc1 Qe7 11. cxd5 {
E14: Queen's Indian: Classical Variation (4 e3).} exd5 12. Nh4 g6 $1 13. Nf3 {
The position is equal.} Ne4 {[#]} 14. Ne2 $146 ({Predecessor:} 14. h3 f5 15. a4
Rae8 16. Qe2 g5 17. g3 Qe6 18. Kg2 Re7 19. Nd2 Nxc3 20. Bxc3 {0-1 (40) Schwarz,
J (2306)-Nyvlt,Z (2420) ICCF email 2014}) 14... f5 15. Bb1 g5 16. Ne5 Nxe5 17.
dxe5 Bxe5 18. Bxe5 Qxe5 19. f3 Nc5 20. Qd4 Rae8 21. b4 Qxe3+ 22. Qxe3 Rxe3 23.
Nd4 Ne6 24. Kf2 f4 25. Nxe6 Rxe6 26. Rxc7 Rf7 27. Rxf7 Kxf7 28. Bxh7 $11 {
[%mdl 4096] Endgame KRB-KRB} Rc6 29. Rb1 Rc7 30. Bd3 Kf6 31. Ke2 Ke5 (31... Rc3
$1 $15) 32. Kd2 Kd4 33. Rb3 Rc8 34. Ra3 Rh8 35. h3 Ra8 36. Ra4 {[#]} (36. Rc3
$15) 36... Ke5 $1 $17 37. Kc3 Bc8 38. Kd2 Bb7 39. Kc3 $1 d4+ {Black continues
to play with concentration.} 40. Kd2 {[#]} (40. Kb2 $17 {was worth a try.})
40... a5 $1 $19 41. bxa5 Rxa5 42. Rxa5+ {[%mdl 8192]} (42. Rb4 $17) 42... bxa5
{KB-KB} 43. Ke2 Bd5 44. a3 Kd6 45. Kf2 Kc5 46. Ke1 Bc4 47. Bg6 Ba6 48. Bf7 Bd3
49. Be6 Kb5 50. Bb3 Bc4 51. Bd1 Kb6 $2 (51... Bf7 52. Kd2 Bd5) 52. Ba4 $2 (52.
Bc2) 52... Kc5 (52... Bf7 $142 53. Kd2 Kc5) 53. Bc2 Kb5 (53... Ba6 $142 54. Bb3
Bc4) 54. Bd1 $1 Be6 {Black is clearly winning.} 55. Kd2 Kc4 56. Bc2 Bd7 57. Bg6
Kb3 58. Kd3 Kxa3 59. Kxd4 Kb2 {Weighted Error Value: White=0.49/Black=0.40} 0-1

[Event "FIDE Chesscom Grand Swiss 2021"]
[Site "Riga"]
[Date "2021.11.06"]
[Round "10.47"]
[White "Gretarsson, Hjorvar Steinn"]
[Black "Kovalev, Vladislav"]
[Result "1/2-1/2"]
[WhiteElo "2577"]
[BlackElo "2634"]
[Annotator "TA"]
[PlyCount "155"]
[EventDate "2021.10.27"]
[EventType "swiss"]
[EventCountry "LAT"]
[Tiebreak "Cut1 Buchholz+Sonneborn-Berger (Swiss)"]
[SourceTitle "playchess.com"]
[Source "ChessBase"]
[SourceQuality "1"]

{[%evp 9,155,42,38,12,18,14,0,5,15,19,28,0,0,15,37,28,35,24,27,20,34,9,61,62,
72,67,64,80,70,28,86,25,28,35,36,9,59,48,61,30,27,6,61,43,42,43,56,35,49,32,37,
22,15,4,40,40,42,14,42,42,59,59,69,58,67,36,58,58,58,0,30,0,60,58,60,58,68,57,
57,57,60,51,66,66,68,38,38,38,41,41,39,18,18,18,18,41,33,35,75,70,78,0,8,0,70,
70,70,41,18,14,14,9,12,0,8,0,8,8,16,0,0,0,0,0,2,3,8,8,8,8,8,8,8,8,8,8,8,6,7,7,
8,8,8,8,8,8,8,8]} 1. d4 Nf6 2. c4 e6 3. Nc3 Bb4 4. Qc2 b6 5. e4 c5 6. d5 {
E32: Nimzo-Indian: Classical (4 Qc2): 4...0-0.} Qe7 7. Nge2 exd5 8. exd5 O-O 9.
Bd2 d6 10. O-O-O Ng4 11. Be1 Qg5+ 12. Qd2 Qxd2+ 13. Kxd2 {[#]} a6 $146 ({
Predecessor:} 13... Re8 14. a3 Ba5 15. Ng3 Ba6 16. Nf5 Rd8 17. Kc2 g6 18. h3
Nf6 19. Ne3 Nbd7 {1-0 (39) Navara,D (2697)-Safarli,E (2598) Tornelo INT 2020})
14. a3 Ba5 15. Nc1 Nf6 (15... Bf5 $11) 16. f3 $14 Nbd7 17. Nb3 Bxc3+ 18. Kxc3
Re8 19. Bh4 (19. Bg3 {is more complex.} Ne5 20. Re1 Bf5 21. Bxe5 dxe5 22. g4)
19... Nh5 (19... Ne5 $11 {remains equal.}) 20. Re1 ({White should try} 20. g4
$16 Nhf6 21. Nd2) 20... Rxe1 $11 21. Bxe1 Ne5 22. Bh4 {Be7 is the strong
threat.} f6 23. Nd2 g5 24. Bf2 f5 $1 25. g3 a5 (25... Bd7 $11) 26. Be2 Nf6 27.
Be3 Nf7 28. h4 h6 29. hxg5 hxg5 30. Kc2 Bd7 31. Nb1 Kg7 32. Nc3 Kg6 33. Kd2 Ra7
34. f4 g4 35. Bd3 Ra8 36. Bf2 Re8 37. Kc2 Nh6 38. Re1 Rh8 39. Rh1 Re8 $1 40.
Re1 Rh8 $1 41. Kd2 Rb8 42. Rb1 Ra8 43. b4 axb4 44. axb4 Kf7 45. Bc2 Ne4+ 46.
Bxe4 fxe4 47. bxc5 bxc5 48. Rb7 Ke7 49. Nxe4 Nf5 50. Bxc5 dxc5 51. Nxc5 Rd8 52.
Ne4 ({Much weaker is} 52. Rxd7+ Rxd7 53. Nxd7 Kxd7 $15) 52... Kf8 53. Kc3 {
[%mdl 1024] White has compensation.} Be8 {[#]} 54. Rb6 $1 {[%cal Rb6f6] And
now Rf6+ would win.} Kg7 {[#]} 55. Rb7+ (55. Re6 $1 $16) 55... Kg6 56. Rb6+ (
56. Kb4 $11) 56... Kg7 $14 57. Re6 $1 Bf7 58. Re5 Kg6 59. Nf2 {The position is
equal.} Nxg3 60. Nxg4 {Hoping for Rg5+.} Nf5 61. Nf2 Rc8 62. Ng4 Rc7 (62... Rd8
{keeps more tension.}) 63. Kd3 Ra7 64. c5 Ra3+ 65. Kd2 Ra2+ 66. Kc3 {White
wants to play d6.} Ra3+ ({Of course not} 66... Rg2 67. d6 $14) 67. Kb2 Rd3 68.
d6 Nxd6 69. Kc2 (69. cxd6 {looks sharper.} Rxd6 70. Rg5+ Kh7 71. f5 Rd8 72. Ne5
) 69... Rd4 $1 70. cxd6 Rxd6 $11 {[%mdl 4096] Endgame KRB-KRN} 71. Rg5+ Kh7 72.
Kc3 Rg6 73. Rh5+ Kg7 {aiming for ...Rc6+.} 74. Rh4 Be6 75. Ne3 Rh6 76. Rxh6
Kxh6 77. f5 Bxf5 78. Nxf5+ {Weighted Error Value: White=0.12/Black=0.10}
1/2-1/2

[Event "FIDE Chesscom Grand Swiss 2021"]
[Site "Riga"]
[Date "2021.11.06"]
[Round "10.48"]
[White "Vokhidov, Shamsiddin"]
[Black "Durarbayli, Vasif"]
[Result "1/2-1/2"]
[WhiteElo "2521"]
[BlackElo "2629"]
[Annotator "TA"]
[PlyCount "70"]
[EventDate "2021.10.27"]
[EventType "swiss"]
[EventCountry "LAT"]
[Tiebreak "Cut1 Buchholz+Sonneborn-Berger (Swiss)"]
[SourceTitle "playchess.com"]
[Source "ChessBase"]
[SourceQuality "1"]

{[%evp 12,70,25,18,29,10,16,13,12,5,8,7,10,5,12,13,11,16,26,31,119,76,77,57,86,
88,86,87,94,65,93,97,108,83,87,90,79,80,75,48,47,48,48,49,47,41,46,10,31,8,8,0,
0,0,0,0,0,0,0,0,0]} 1. e4 c5 2. Nf3 d6 3. d4 cxd4 4. Nxd4 Nf6 5. Nc3 a6 6. h3
e6 7. g4 d5 {7...Be7 is the modern continuation. B81: Sicilian Scheveningen:
Keres Attack.} 8. Nde2 Bc5 9. exd5 Qb6 10. Be3 Bxe3 11. fxe3 Qxb2 12. dxe6 Bxe6
13. Qb1 Qxb1+ 14. Rxb1 {[#]} Nc6 $146 ({Predecessor:} 14... Nbd7 15. Rxb7 Nd5
16. Ne4 Nxe3 17. Nf4 Nxc2+ 18. Kd2 Nd4 19. Ke3 Nc2+ 20. Kd2 Nd4 {0-1 (60)
Alsina Leal,D (2483)-Andersen,M (2597) Porto Carras 2018}) 15. Rxb7 O-O-O (
15... O-O $14) 16. Rb1 (16. Rb6 {seems wilder.} Kc7 17. Rxa6 Nb4 18. Ra7+ Kb6
19. Ra4) 16... Nd5 17. Bg2 Kc7 18. Bxd5 Bxd5 19. Nxd5+ Rxd5 20. Rf1 f6 21. Nf4
Re5 22. Kf2 Rd8 23. Rfd1 g5 24. Rxd8 Nxd8 $16 {[%mdl 4096] Endgame KRN-KRN} 25.
Nh5 (25. Nd3 {keeps more tension.} Ra5 26. Ke2 f5 27. gxf5 Rxf5 28. Rb4) 25...
f5 26. Nf6 fxg4 27. hxg4 Rc5 28. c3 Nf7 29. e4 Ne5 30. Ke2 Ra5 {The position
is equal.} 31. Rh1 Rxa2+ 32. Ke3 Kd6 33. Rxh7 Ra4 34. Ne8+ Ke6 35. Nc7+ Kd6 {
Weighted Error Value: White=0.09/Black=0.10} 1/2-1/2

[Event "FIDE Chesscom Grand Swiss 2021"]
[Site "Riga"]
[Date "2021.11.06"]
[Round "10.49"]
[White "Goryachkina, Aleksandra"]
[Black "Neiksans, Arturs"]
[Result "1-0"]
[WhiteElo "2602"]
[BlackElo "2570"]
[Annotator "TA"]
[PlyCount "75"]
[EventDate "2021.10.27"]
[EventType "swiss"]
[EventCountry "LAT"]
[Tiebreak "Cut1 Buchholz+Sonneborn-Berger (Swiss)"]
[SourceTitle "playchess.com"]
[Source "ChessBase"]
[SourceQuality "1"]

{[%evp 19,75,30,25,18,12,-30,-35,-30,-11,6,32,-3,37,42,53,0,54,52,34,44,44,29,
19,27,33,7,12,14,151,142,204,206,208,206,464,309,279,295,294,287,265,189,656,
651,752,742,705,682,29990,29991,29991,29991,29991,29988,29988,29989,29989,
29990]} 1. d4 Nf6 2. c4 e6 3. Nf3 b6 4. a3 Ba6 5. Qc2 c5 6. d5 exd5 7. cxd5 Bb7
8. e4 Qe7 9. Bd3 Nxd5 10. O-O Nc7 $1 11. b4 $5 {[%mdl 4] Exploring less
charted territory. E12: Queen's Indian: Unusual White 4th moves, 4 a3, 4 Nc3
Bb7 5 a3 and 4 Nc3 Bb7 .} Nc6 12. bxc5 Qxc5 13. Nc3 {Black is slightly better.}
Ne6 14. Be3 {[#]} Qd6 $146 ({Predecessor:} 14... Qh5 15. Rfd1 Bc5 16. Bc4 Bxe3
17. fxe3 Qc5 18. Nb5 O-O 19. Rxd7 Na5 20. Bd3 Bc6 21. Rxa7 Qxc2 {0-1 (21)
Mazet,J (2167)-Sanchez Sebastian,F (2405) Barcelona 2019}) 15. Rfd1 {[%mdl
1024] White has compensation.} (15. Nb5 $5 {[%cal Rb5d6]} Qb8 16. Rfd1 $11)
15... Qb8 16. Bc4 Be7 17. Nd5 ({Better is} 17. Nb5 $14) 17... Bd8 (17... Bd6
$11) 18. Rac1 $14 O-O 19. a4 $36 {[%mdl 2048] White has the initiative.} Bc7
20. h3 Bd6 21. Nh4 Bc5 22. Bxc5 bxc5 23. Rb1 {White wants to play Ne7+!} Ned4 {
White leaves nothing to chance now.} (23... Qd8 $11 24. Rxb7 Qxh4) 24. Qc3 $1
$16 Qd8 {[#]} (24... a5 $16 {was called for.}) 25. Qg3 $1 $18 ({But not} 25.
Rxb7 Qxh4 26. Rxd7 Rad8 $14) 25... Rb8 {[#]} 26. Nf5 $1 {[%csl Gf5][%cal Rg3g7]
} g6 (26... Nxf5 {was worth a try.} 27. exf5 Kh8) 27. Nd6 Ba8 28. e5 Rxb1 29.
Rxb1 Kg7 {Threatening ...Na5.} 30. Rd1 Na5 $2 {[#]} (30... Rg8) 31. Rxd4 $1 {
[%mdl 512]} cxd4 (31... Bxd5 32. Rxd5) 32. Nf5+ Kh8 {[#]} 33. Nf6 $1 {White
wants to mate with Qh4!} Rg8 {[#]} (33... gxf5 34. Qh4) 34. Qh4 $1 {[%csl Gf6]
[%cal Rh4h7] White mates.} h5 {[#]} 35. Qg5 $1 {[%cal Rg5h6]} Qf8 {[#]} 36.
Bxf7 $1 {[%mdl 512]} Be4 37. Bxg6 Rxg6 38. Qxh5+ {Weighted Error Value:
White=0.12/Black=0.87} 1-0

[Event "FIDE Chesscom Grand Swiss 2021"]
[Site "Riga"]
[Date "2021.11.06"]
[Round "10.50"]
[White "Meshkovs, Nikita"]
[Black "Adhiban, B.."]
[Result "1/2-1/2"]
[WhiteElo "2550"]
[BlackElo "2672"]
[Annotator "TA"]
[PlyCount "98"]
[EventDate "2021.10.27"]
[EventType "swiss"]
[EventCountry "LAT"]
[Tiebreak "Cut1 Buchholz+Sonneborn-Berger (Swiss)"]
[SourceTitle "playchess.com"]
[Source "ChessBase"]
[SourceQuality "1"]

{[%evp 18,98,49,25,49,36,33,33,33,29,81,27,51,0,11,8,9,9,26,19,54,59,51,51,55,
45,53,6,6,6,6,6,6,0,0,0,0,0,0,0,0,0,0,0,0,0,0,0,0,0,0,0,0,0,0,-25,0,0,0,0,0,0,
0,0,0,0,0,0,0,0,0,0,0,0,0,0,0,0,0,0,0,0,0]} 1. Nf3 Nf6 2. c4 g6 3. Nc3 c5 4. d4
cxd4 5. Nxd4 Nc6 6. e4 Nxd4 7. Qxd4 d6 8. Be3 Bg7 9. Be2 O-O 10. Qd2 a5 {
B36: Sicilian: Maroczy Bind: Gurgenidze System.} 11. O-O a4 12. Rad1 Qa5 {
White is slightly better.} 13. Bd4 Be6 {[#]} (13... Bd7 $11) 14. Qe3 ({White
should try} 14. f4 $1 $16) 14... Rfe8 {[#]} 15. Nd5 $146 (15. f4 $14) ({
Predecessor:} 15. f4 Rac8 16. b3 axb3 17. axb3 Ng4 18. Qd3 Bxd4+ 19. Qxd4 f5
20. Bxg4 fxg4 21. f5 {1-0 (29) Cuhendi,S (2364)-Hujbert,F (2444) Budapest 2014}
) 15... Bxd5 16. cxd5 Rec8 17. a3 {Threatens to win with Bb6.} Nd7 18. Bg4 Qb5
19. Bxg7 Kxg7 20. Rd4 $1 {[%cal Rd4b4] [#] aiming for Rb4.} Rc7 21. Rb4 $1 {
[%cal Rb4b5]} Qc5 22. Bxd7 (22. Qd2 {keeps more tension.} Ne5 23. Be2 Ra5 24.
Rd1 Qc2 25. Qxc2 Rxc2 26. Bf1) 22... Qxe3 23. fxe3 Rxd7 $14 {[%mdl 4096]
Endgame KRR-KRR} 24. Rc1 Ra5 25. Rcc4 b5 26. Rc8 Rb7 27. Kf2 Raa7 28. Kf3 Kf6
29. h4 h5 30. Kf4 Rb6 31. g3 Rab7 32. Rc2 e6 33. Rc8 Ra7 34. Re8 Rc7 35. dxe6
fxe6 36. Ra8 Rc2 {[%cal Rc2f2]} 37. e5+ {The position is equal.} dxe5+ 38. Ke4
Rbc6 39. Rf8+ Ke7 40. Rb8 R2c4+ 41. Rxc4 bxc4 $11 {KR-KR} 42. Rb7+ Kf6 {
With the idea ...c3.} 43. Rb4 c3 44. bxc3 Rxc3 45. Rxa4 Rc1 46. Kf3 Rf1+ 47.
Kg2 Ra1 48. Kf3 Rf1+ 49. Kg2 Ra1 {Weighted Error Value: White=0.06/Black=0.05}
1/2-1/2

[Event "FIDE Chesscom Grand Swiss 2021"]
[Site "Riga"]
[Date "2021.11.06"]
[Round "10.51"]
[White "Movsesian, Sergei"]
[Black "Paravyan, David"]
[Result "1/2-1/2"]
[WhiteElo "2627"]
[BlackElo "2642"]
[Annotator "TA"]
[PlyCount "66"]
[EventDate "2021.10.27"]
[EventType "swiss"]
[EventCountry "LAT"]
[Tiebreak "Cut1 Buchholz+Sonneborn-Berger (Swiss)"]
[SourceTitle "playchess.com"]
[Source "ChessBase"]
[SourceQuality "1"]

{[%evp 9,66,5,17,11,12,14,9,9,8,13,14,17,9,20,22,17,17,17,16,16,16,18,23,0,0,0,
0,0,0,-7,0,0,18,7,7,6,18,4,11,2,10,0,15,0,0,0,0,0,0,0,0,-10,0,0,0,0,0,-6,-6]} 
1. e4 c5 2. Nf3 e6 3. Nc3 Nc6 4. Bb5 Nd4 5. Bd3 a6 6. Nxd4 {B30: Sicilian: 2...
Nc6 3 Bb5, lines without ...g6.} cxd4 7. Ne2 d5 8. exd5 Qxd5 9. O-O Nf6 10. c3
dxc3 11. dxc3 Bc5 12. Nf4 {[#]} Qd8 $146 ({Predecessor:} 12... Qc6 13. Nh5 Nxh5
14. Qxh5 g6 15. Qe5 O-O 16. Qf6 Re8 17. Bh6 Bf8 18. Bxf8 Rxf8 {1-0 (83) Jones,
G (2670)-Willow,J (2386) Chess.com INT 2020}) 13. Nh5 Nxh5 14. Qxh5 {[%mdl 64]
[#] Double Attack} Qxd3 15. Qxc5 Qd5 16. Qa3 Bd7 {The position is equal.} 17.
Be3 Bc6 {[%csl Gc6][%cal Rd5g2] [#]} 18. f3 Rd8 19. Rf2 (19. b3 {seems wilder.}
f6 20. c4 Qf5 21. Qc5 Qxc5 22. Bxc5 Kf7 23. Bb6) 19... Qc4 20. Re1 (20. Bd4 {
feels hotter.} f6 21. Rd1 Qa4 22. Qxa4 Bxa4 23. Rdd2) 20... Qa4 21. Qxa4 Bxa4
22. b3 Bc6 23. Bb6 Rd7 24. h4 h6 25. Ree2 g5 26. Rd2 (26. h5 {keeps more
tension.} Rg8 27. g4 Ke7 28. Kg2 Rd3 29. Bc5+) 26... f6 27. Rxd7 Kxd7 $11 {
[%mdl 4096] Endgame KRB-KRB} 28. Rd2+ Ke7 29. Bc5+ Kf7 30. Bb6 g4 31. Kf2 gxf3
32. gxf3 Kg6 33. Rd8 Rxd8 {An uneventful encounter.  Weighted Error Value:
White=0.04/Black=0.03} 1/2-1/2

[Event "FIDE Chesscom Grand Swiss 2021"]
[Site "Riga"]
[Date "2021.11.06"]
[Round "10.52"]
[White "Bjerre, Jonas Buhl"]
[Black "Morovic Fernandez, Ivan"]
[Result "0-1"]
[WhiteElo "2569"]
[BlackElo "2510"]
[Annotator "TA"]
[PlyCount "149"]
[EventDate "2021.10.27"]
[EventType "swiss"]
[EventCountry "LAT"]
[Tiebreak "Cut1 Buchholz+Sonneborn-Berger (Swiss)"]
[SourceTitle "playchess.com"]
[Source "ChessBase"]
[SourceQuality "1"]

{[%evp 20,149,46,50,39,33,37,23,18,20,24,19,30,32,32,27,28,28,28,0,0,0,11,0,0,
0,0,0,0,0,2,2,2,8,63,68,54,39,39,0,0,0,0,0,0,0,0,0,0,0,0,-117,-118,-136,-111,
-83,0,0,0,0,0,0,0,0,0,0,0,0,0,0,0,0,43,43,43,43,42,43,41,0,20,12,172,0,0,0,45,
8,8,8,8,8,8,8,73,30,30,69,52,0,134,134,127,124,120,112,1022,992,1089,1087,972,
884,858,217,29971,29972,29954,830,426,377,629,554,29978,29979,29979,29980,
29980,29981,29981,29982,29988,29989]} 1. e4 e5 2. Nf3 Nc6 3. Bb5 a6 4. Ba4 Nf6
5. O-O Be7 6. Re1 b5 7. Bb3 d6 8. c3 O-O 9. h3 Be6 10. d4 Bxb3 11. axb3 Qc8 {
C92: Closed Ruy Lopez: 9...Be6, Karpov and Flohr-Zaitsev Variations.} 12. d5
Nb8 13. c4 Nbd7 {White has an edge.} 14. Nc3 {[#]} Qb7 $146 ({Predecessor:} 
14... Nc5 15. b4 Ncd7 16. cxb5 axb5 17. Bd2 c5 18. dxc6 Rxa1 19. Qxa1 Qxc6 20.
Qd1 Rc8 {1-0 (46) Videnova,I (2301)-Bezgodova,M (2200) Gaziantep 2012}) 15. Qe2
{[%cal Rc4b5]} b4 16. Na4 a5 17. Bg5 Rfc8 18. Rac1 c5 19. dxc6 Rxc6 20. Rcd1
Qc7 21. Nh2 Nf8 {[%cal Bd7f8,Bf8e6,Be6d4][%mdl 32]} 22. Bxf6 Bxf6 23. Rd5 Ne6
24. g3 Nd4 {[%mdl 64] Double Attack} 25. Qd3 h5 26. Nf3 {[%cal Rf3d4]} g6 (
26... Ne6 $1 $11) 27. Nxd4 $14 exd4 28. Rc1 Re8 29. c5 (29. Rf1 {is
interesting.} Bg7 30. Kg2 Re6 31. Rb5 Qd8 32. h4) 29... dxc5 30. Rcxc5 Rxc5 31.
Nxc5 Rd8 32. Rxd8+ Qxd8 33. Qc4 Qc8 34. Kg2 d3 35. Qd5 (35. Nxd3 $11 Qxc4 36.
bxc4) 35... d2 $1 $17 {[%cal Rd2d1]} 36. Nd7 Bxb2 37. Qxd2 {[#]} Bg7 ({Black
should play} 37... a4 $1 $17 {[%cal Ra4a3] Threatens to win with ...a3.} 38.
bxa4 (38. Qxb2 Qxd7 39. bxa4 Qxa4 $17) 38... Bg7) 38. Qd5 $11 Qd8 {next ...a4!
is good for Black.} 39. Qc6 Qe7 40. Kf3 Kh7 41. h4 Bc3 42. Ke3 Kg7 {With the
idea ...g5.} 43. Qd5 Bb2 44. Kd3 Bc3 45. Kc4 Be1 46. Qd4+ f6 47. Nc5 Qe8 48.
Qe3 Bc3 49. f4 Kf7 50. Qd3 Qc6 $2 {[#]} (50... Kg7 $11) 51. Qd1 $2 (51. Qd8 $1
$18) 51... Ke7 52. f5 ({Much weaker is} 52. Qd5 Qxd5+ 53. exd5 f5 $19) 52...
Kf7 53. fxg6+ Kxg6 54. g4 hxg4 55. Qxg4+ Kh6 56. Qg8 Be5 (56... Qc7 $11) 57.
Qh8+ $16 Kg6 58. h5+ Kg5 59. Qh7 (59. h6 $14 Bd6 60. Qg7+ Kh5 61. Qf7+ Kxh6 62.
Qxf6+ Kh5 63. Qf5+ Kh6 64. Qd5) 59... Bd6 (59... Qe8 $1 $11 {keeps the balance.
}) 60. Qf5+ {White stays focused until the end.} Kh4 61. h6 {Hoping for h7.}
Bxc5 62. Qxc5 {[%mdl 4096] Endgame KQ-KQ} Qb7 $2 {[%mdl 8192]} (62... Qa6+ $16
63. Kd4 Qe2) 63. Qd6 $18 Qc8+ 64. Kb5 Kg5 65. h7 {White wants to mate with
Qg3+.} Kg6 66. Qh2 Qb7+ $2 (66... Qe8+ $18 67. Kxa5 Qd8+ 68. Kxb4 Qd4+ 69. Kb5
Qd3+ 70. Ka4 Qd4+ 71. b4 Qd1+ 72. Ka5 Qd8+ 73. Ka6 Qa8+ 74. Kb5 Qb7+ 75. Kc5
Qe7+ 76. Qd6 Qa7+ 77. Kc6 Qa8+ 78. Kd7 Kxh7 79. Qe7+ Kh6 80. Qxf6+ Kh5) 67.
Kxa5 Qa7+ 68. Kxb4 (68. Kb5 $142 Qb7+ 69. Kc5 Qe7+ 70. Kd4 Qd7+ 71. Kc4 Qc8+
72. Kxb4 Qf8+ 73. Kc3 Qc5+ 74. Kb2 Qd4+ 75. Kb1) 68... Qd4+ 69. Kb5 Qd3+ $2 (
69... Qxe4 70. h8=Q Qd5+ 71. Ka4 Qd4+ 72. b4 Qd7+ 73. Ka5 Qa7+ 74. Kb5 Qb7+ 75.
Kc5 Qa7+ 76. Kc4 Qa6+ 77. b5 Qe6+ 78. Kc5 Qe3+ 79. Kc6 Qf3+ 80. Kc7 Qc3+ 81.
Kb8 Qe5+ 82. Qxe5 fxe5 83. Qxe5 Kh6) 70. Ka4 Qa6+ 71. Kb4 {White mates.} Qb6+
72. Ka3 Qa7+ 73. Kb2 Qd4+ 74. Kb1 Qd3+ 75. Ka2 {[%mdl 32768] Weighted Error
Value: White=0.13/Black=0.19. Sensor Board Error (Ke4/e5)?} 0-1

[Event "FIDE Chesscom Grand Swiss 2021"]
[Site "Riga"]
[Date "2021.11.06"]
[Round "10.53"]
[White "Miezis, Normunds"]
[Black "Budisavljevic, Luka"]
[Result "1-0"]
[WhiteElo "2467"]
[BlackElo "2508"]
[Annotator "ChessBase"]
[PlyCount "107"]
[EventDate "2021.10.27"]
[EventType "swiss"]
[EventCountry "LAT"]
[Tiebreak "Cut1 Buchholz+Sonneborn-Berger (Swiss)"]
[SourceTitle "playchess.com"]
[Source "ChessBase"]
[SourceQuality "1"]
[TimeControl "40/6000+30:20/3000+30:900+30"]

1. c4 {[%emt 0:00:06]} Nf6 {[%emt 0:00:21]} 2. Nc3 {[%emt 0:00:22]} c5 {
[%emt 0:00:23]} 3. g3 {[%emt 0:01:02]} e6 {[%emt 0:00:43]} 4. Bg2 {[%emt 0:01:
27]} d5 {[%emt 0:00:59]} 5. cxd5 {[%emt 0:03:32]} exd5 {[%emt 0:00:06]} 6. d3 {
[%emt 0:01:07]} d4 {[%emt 0:00:25]} 7. Ne4 {[%emt 0:00:15]} Nxe4 {[%emt 0:00:
09]} 8. Bxe4 {[%emt 0:00:07]} Be7 {[%emt 0:01:47]} 9. h4 {[%emt 0:00:12]} Nc6 {
[%emt 0:06:31]} 10. Nh3 {[%emt 0:03:47]} Bxh3 {[%emt 0:19:20]} 11. Rxh3 {
[%emt 0:01:13]} Qd7 {[%emt 0:00:16]} 12. Rh1 {[%emt 0:02:53]} O-O {[%emt 0:01:
33]} 13. Kf1 {[%emt 0:01:20]} f5 {[%emt 0:07:32]} 14. Bf3 {[%emt 0:00:41]} Bd6
{[%emt 0:03:06]} 15. Bf4 {[%emt 0:04:35]} Bxf4 {[%emt 0:02:27]} 16. gxf4 {
[%emt 0:00:16]} Rac8 {[%emt 0:03:13]} 17. h5 {[%emt 0:02:48]} Kh8 {[%emt 0:00:
42]} 18. h6 {[%emt 0:07:20]} g6 {[%emt 0:07:49]} 19. Rc1 {[%emt 0:03:00]} Ne7 {
[%emt 0:07:09]} 20. Qb3 {[%emt 0:05:39]} b6 {[%emt 0:00:18]} 21. a4 {[%emt 0:
03:37]} Qd6 {[%emt 0:02:39]} 22. e3 {[%emt 0:00:19]} Rcd8 {[%emt 0:05:45]} 23.
Ke2 {[%emt 0:13:20]} Ng8 {[%emt 0:02:17]} 24. Kd2 {[%emt 0:03:14]} Rfe8 {
[%emt 0:06:34]} 25. Rce1 {[%emt 0:00:24]} Re7 {[%emt 0:03:04]} 26. Re2 {
[%emt 0:10:08]} Red7 {[%emt 0:04:17]} 27. Kc2 {[%emt 0:06:34]} c4 {[%emt 0:02:
08]} 28. Qb5 {[%emt 0:00:54]} a6 {[%emt 0:05:55]} 29. Qxa6 {[%emt 0:06:45]}
dxe3 {[%emt 0:00:28]} 30. Rxe3 {[%emt 0:00:36]} cxd3+ {[%emt 0:00:58]} 31. Kb1
{[%emt 0:01:51]} Qxf4 {[%emt 0:02:31]} 32. Qb5 {[%emt 0:07:04]} d2 {[%emt 0:03:
36]} 33. Bd1 {[%emt 0:01:31]} Rc7 {[%emt 0:05:18]} 34. Bb3 {[%emt 0:04:04]} Qd4
{[%emt 0:03:13]} 35. Ka2 {[%emt 0:03:13]} Nf6 {[%emt 0:00:58]} 36. Re6 {
[%emt 0:01:29]} Rcd7 {[%emt 0:02:01]} 37. Rd1 {[%emt 0:06:59]} Ne4 {[%emt 0:00:
15]} 38. f3 {[%emt 0:00:32]} Nc5 {[%emt 0:00:44]} 39. Rxb6 {[%emt 0:01:03]} Qe3
{[%emt 0:01:42]} 40. Rb8 {[%emt 0:02:16]} Qxb3+ {[%emt 0:00:46]} 41. Qxb3 {
[%emt 0:50:17]} Nxb3 {[%emt 0:50:03]} 42. Rxd8+ {[%emt 0:00:28]} Rxd8 {[%emt 0:
00:01]} 43. Kxb3 {[%emt 0:00:12]} g5 {[%emt 0:00:00]} 44. Kc3 {[%emt 0:00:00]}
Rd6 {[%emt 0:00:00]} 45. Rxd2 {[%emt 0:00:00]} Rxh6 {[%emt 0:00:00]} 46. b4 {
[%emt 0:00:00]} g4 {[%emt 0:00:00]} 47. b5 {[%emt 0:00:00]} g3 {[%emt 0:00:00]}
48. Rg2 {[%emt 0:00:00]} f4 {[%emt 0:00:00]} 49. a5 {[%emt 0:00:00]} Rh5 {
[%emt 0:00:00]} 50. b6 {[%emt 0:00:00]} Rxa5 {[%emt 0:00:00]} 51. b7 {[%emt 0:
00:00]} Rb5 {[%emt 0:00:00]} 52. Rb2 {[%emt 0:00:00]} Rxb7 {[%emt 0:00:00]} 53.
Rxb7 {[%emt 0:00:00]} h5 {[%emt 0:00:00]} 54. Rb5 {[%emt 0:00:00]} 1-0